Normal view MARC view
  • Afrodescendientes

Entry Materia

Number of records used in: 1

001 - NÚMERO DE CONTROL DEL REGISTRO

  • campo de control: 50244

003 - IDENTIFICADOR DE NUMERO DE CONTROL

  • campo de control: MX-MxUPN

005 - FECHA Y HORA DE LA ÚLTIMA TRANSACCIÓN

  • campo de control: 20240924130931.0

008 - DATOS DE LONGITUD FIJA

  • campo de control de longitud fija: 231011|| acn||babn | a|a d

040 ## - FUENTE DE LA CATALOGACIÓN

  • Centro catalogador de origen: MX-MxUPN
  • Lengua de catalogación: spa
  • Agencia de transcripción: MX-MxUPN

150 ## - ENCABEZAMIENTO - TEMÁTICO

  • Término de materia o nombre geográfico como elemento inicial: Afrodescendientes
  • Subdivisión de materia general: Folklore

450 ## - VÉASE - MATERIA

  • Encabezamiento temático: Negros
  • Subdivisión temática general: Folklore
  • Subcampo de control: nno

670 ## - FUENTE EN LA QUE SE LOCALIZARON DATOS

  • Cita de la fuente: Autoridades BGTQ, 11 octubre 2023:
  • Información localizada: (Negros -- Folklore)

670 ## - FUENTE EN LA QUE SE LOCALIZARON DATOS

  • Cita de la fuente: Autoridades BGTQ, 24 septiembre 2024:
  • Información localizada: (Aafrodescendientes -- Folklore)

902 ## - CATALOGADOR

  • Catalogador: Víctor Ruiz/111023
  • Catalogador: Victor Ruiz/VictorGodínez/240924